Focus sur: Corvus Lestrange V - Harry Potter - Statistiques

Statistiques générales
  • Ce quiz a été pris 60 fois
  • Le résultat moyen est 4 sur 5
Statistiques - réponses
Informations recherchées Réponses % Correct
Statut du sang Sang-Pur
100%
Première apparition Les Animaux fantastiques: Les Crimes de Grindelwald
92%
Demi-sœur Leta Lestrange
88%
Père Corvus Lestrange IV
73%
Mère Clarisse Tremblay
35%
Aucun quiz correspondant
Distribution des résultats
% des personnes avec chaque résultat
Percentile par nombre de réponses
Votre historique - résultats
Vous n’avez pas pris ce quiz